000 01309nam a22003737a 4500
003 CHAP
005 20220329141304.0
008 971010s1982 r 00010 d
010 _a65817
011 _a66789
035 _a75762
040 _cCHAP
090 _aTesis
100 0 0 _aBeltrán Fonseca, Manuel de Jesús.
_911448
245 _aInfluencia de algunas características fenotípicas de trigo y triticales en los parámetros de estabilidad del rendimiento
260 _aChapingo, Méx. :
_bEl autor,
_c1982
300 _a59 h.
_b; láms. ; gráf.
500 _a1992-530
502 _aTesis (Ing. Agr. Esp. en Fitotecnia) -- UACH. Departamento de Fitotecnia
590 _aALEPH
_b10
_c20130110
_lUCH01
_h1358
590 _aBATCH-UPD
_b10
_c20130109
_lUCH01
_h2326
590 _aBATCH-UPD
_b10
_c20130110
_lUCH01
_h1413
590 _aBATCH-UPD
_b10
_c20130409
_lUCH01
_h1851
590 _aBATCH-UPD
_b10
_c20130410
_lUCH01
_h0859
590 _aBATCH-UPD
_b10
_c20130914
_lUCH01
_h2054
590 _aCONVERSION
_b10
_c20130109
_lUCH01
_h1336
650 1 4 _aTrigo
_xGenética.
_9115030
650 1 4 _aTrigo
_xRendimiento.
_9115092
650 1 4 _aTriticale
_xGenética.
_9115211
650 1 4 _aTriticale
_xRendimiento.
_9115225
901 _aBK
942 _cTESIS
949 _bZA
_cTESBD
_d-8722
_eTS1
_h42
_i75762
_si
999 _c65817
_d65817